Roman Numerals* - Statistics

General Stats
  • This quiz has been taken 235 times
  • The average score is 7 of 7
Answer Stats
Hint Answer % Correct
I 1
100%
X 10
100%
V 5
100%
C 100
99%
L 50
99%
M 1000
98%
D 500
98%
No matching quizzes found
Score Distribution
Percent of People with Each Score
Percentile by Number Answered
Your Score History
You have not taken this quiz